Stručná španělsko-česká lékařská terminologie /

Hlavní autor: Gryce, Ralph
Korporativní autor: Univerzita J.E. Purkyně v Brně
Další autoři: Brichta, Jaroslav
Jazyk: Španělština
Čeština
Vydáno: Praha : SPN, 1963
Vydání: 1. vyd.
Edice: Učební texty vysokých škol
Témata:
Fyzický popis: 130 s. ; 8°
Knihy
Uloženo v:
LEADER 01284nam a22003372a 4500
001 000662412
003 CZ BrMZK
005 20091016065435.0
007 ta
008 030320s1963 xr f cze d
040 |a ABA001  |b cze  |c PNA001  |d BOA001  |d ABA001 
041 0 |a cze  |a spa 
080 |a 413.164:61=6=85(075.8)  |2 MRF 
100 1 |a Gryce, Ralph  |7 jx20040726027  |4 aut 
245 1 0 |a Stručná španělsko-česká lékařská terminologie /  |c R. Gryce, J. Brichta 
250 |a 1. vyd. 
260 |a Praha :  |b SPN,  |c 1963 
300 |a 130 s. ;  |c 8° 
490 1 |a Učební texty vysokých škol 
500 |a Vyd. Univ. J.E. Purkyně v Brně 
700 1 |a Brichta, Jaroslav  |7 jk01013121  |4 aut 
710 2 |a Univerzita J.E. Purkyně v Brně  |7 kn20010709352 
830 0 |a Učební texty vysokých škol 
910 |a BOA001  |b PK-A-0008.291  |b 1-0495.436 
920 |a 000320566 
964 |a Slovníky španělsko-české lékařské 
964 |a Španělština - slovníky španělsko-české lékařské 
964 |a Lékařství - slovníky španělsko-české 
990 |a BK 
996 6 |b 2619443002  |c 1-0495.436  |l MZK  |r Sklad / do 1 hodiny  |n 0  |w 000662412  |u 000030  |a 1  |e BOA001  |j MZK50  |s P 
996 7 |b 2619832007  |c 1-0495.436  |l MZK  |r Sklad / do 1 hodiny  |n 2  |w 000662412  |u 000020  |a 1  |e BOA001  |j MZK50  |s A